| 000 | 00731nam a2200277Ia 4500 | ||
|---|---|---|---|
| 001 | 7216 | ||
| 005 | 20240113234003.0 | ||
| 007 | ta | ||
| 008 | 050704s1994 a g b000 u eng u | ||
| 020 | _a81-203-0883-2 | ||
| 040 | _aCotton College,Assam | ||
| 041 | _aeng | ||
| 082 |
_a551.48 _bSi 61 El |
||
| 100 | _aSingh, Vijai P. . | ||
| 245 | 0 |
_aElementary Hydrology / _cVijai P. Singh. _hTextual Documents |
|
| 250 | _a1st ed. / | ||
| 260 |
_aNew Delhi : _bPrentice-Hall of India(Pvt Ltd) , _c1994. |
||
| 300 |
_axviii, 973p. : _bill. ; _c24cm . |
||
| 504 | _aIndex | ||
| 653 | _aGeology-Hydrology | ||
| 653 | _aHydrology | ||
| 653 | _aPG-Geology | ||
| 942 |
_2ddc _cBK |
||
| 999 |
_c7203 _d7203 |
||